02323cam a2200373 i 450000100090000000300090000900500170001800800410003502000150007602000190009104000380011004300120014808200200016010000520018024500850023224600250031725000200034226400570036226400100041930000540042933600260048333700280050933800270053750000690056450400520063350509450068565000400163065100540167065300220172465500170174694200120176399900170177595201570179215176331EG-ScBUE20240502091232.0080211t2008 nyuab f b 001 0 eng d a1592577911 a9781592577910  aDLCbengerdacDLCdDLCdEG-ScBUE aaw-----04a956.04bBAR2221 aBard, Mitchell Geoffrey,d1959-eauthor.93932714aThe complete idiot's guide to Middle East conflict /cby Mitchell G. Bard, Ph.D.30aMiddle East conflict aFourth edition. 1aNew York :bAlpha Books / The Penguin Group,c[2008] 4cc2008 axxxiii, 462 pages :billustrations, maps ;c24 cm 2rdacontentatextbtxt aunmediated2rdamediabn avolumebnc2rdacarrier a"Get a handle on the problems of a war-torn region" -- on cover. aIncludes bibliographical references and index.  aPart 1. In the beginning. Who cares about the Middle East? -- The chosen people -- Part 2. Religion and politics mix. Welcome to the empire -- The Crescent moon -- The Nationalist wave -- Part 3. The great war's spoils. Trouble brewing in Palestine -- This land is my land, this land is your land -- Fighting Hitler and Great Britain -- A state of their own -- The Jewish war of independence -- Part 4. A state for the Jews. The wanted and the unwanted -- We've got a state, now what? -- War over Suez Part 5. War and peace. Six days to victory -- No war, no peace -- Israel's day of infamy -- Peace at last -- Holy warriors -- Iran and Iraq go to war -- Israel's Vietnam -- Part 6. Inching toward peace. Sticks and stones and breaking bones -- Saddam crosses the line -- Bush turns the screws -- Part 7. Why can't we all get along? The oldest city's new rulers -- The shot heard 'round the world -- O Jerusalem! -- Waiting for the Messiah. 7aArab-Israeli conflict.2BUEsh92523 7aMiddle EastxHistoryy20th century.2BUEsh937123 bBUSBOLcMarch2016 vReading book 2ddccBB c20238d20210 00102ddc40708BaccahaMAINbMAINc2NDd2016-03-09ePurchaseg160.00h22353l1m14o956.04 BARp000039448r2025-07-15 00:00:00s2016-10-19v200.00yBB